000 00322nam a22001457a 4500
008 210310b ||||| |||| 00| 0 eng d
020 _a9780691101583
041 _aeng
080 _a94
082 _a94
100 _a16
101 _aSHH
245 _aMaya Society Under Colonial Rule
_cFarriss,N.M
942 _2udc
_cBK
999 _c56271
_d56271